Cities and Canopies (Record no. 47408)
[ view plain ]
| 000 -LEADER | |
|---|---|
| fixed length control field | 00693nam a22001817a 4500 |
| 005 - DATE AND TIME OF LATEST TRANSACTION | |
| control field | 20260430103051.0 |
| 008 - FIXED-LENGTH DATA ELEMENTS--GENERAL INFORMATION | |
| fixed length control field | 260430b |||||||| |||| 00| 0 eng d |
| 020 ## - INTERNATIONAL STANDARD BOOK NUMBER | |
| International Standard Book Number | 9780670091218 |
| 040 ## - CATALOGING SOURCE | |
| Transcribing agency | VITAP |
| 082 ## - DEWEY DECIMAL CLASSIFICATION NUMBER | |
| Edition number | 23rd Ed. |
| Classification number | 635.9770954 NAG |
| 100 ## - MAIN ENTRY--PERSONAL NAME | |
| Personal name | Nagendra, Harini |
| 9 (RLIN) | 17439 |
| 245 ## - TITLE STATEMENT | |
| Title | Cities and Canopies |
| Remainder of title | : Trees in Indian Cities |
| Statement of responsibility, etc. | / Harini Nagendra and Seema Mundoli |
| 260 ## - PUBLICATION, DISTRIBUTION, ETC. | |
| Place of publication, distribution, etc. | Gurugram |
| Name of publisher, distributor, etc. | Penguin Random House India Pvt. Ltd. |
| Date of publication, distribution, etc. | 2019 |
| 300 ## - PHYSICAL DESCRIPTION | |
| Extent | x, 243p. : ill. ; 21cm |
| 650 #0 - SUBJECT ADDED ENTRY--TOPICAL TERM | |
| Topical term or geographic name entry element | Trees in cities; Natural history; Urban ecology (Sociology); Natural history; Trees in cities; Urban ecology (Sociology) |
| Source of heading or term | |
| 9 (RLIN) | 17440 |
| 700 ## - ADDED ENTRY--PERSONAL NAME | |
| Personal name | Mundoli, Seema |
| 9 (RLIN) | 17441 |
| 942 ## - ADDED ENTRY ELEMENTS (KOHA) | |
| Source of classification or shelving scheme | Dewey Decimal Classification |
| Koha item type | Text Book |
| Withdrawn status | Lost status | Source of classification or shelving scheme | Materials specified (bound volume or other part) | Damaged status | Not for loan | Collection code | Home library | Current library | Shelving location | Date acquired | Source of acquisition | Cost, normal purchase price | Inventory number | Total Checkouts | Full call number | Barcode | Date last seen | Cost, replacement price | Price effective from | Koha item type | Public note |
|---|---|---|---|---|---|---|---|---|---|---|---|---|---|---|---|---|---|---|---|---|---|
| Dewey Decimal Classification | Hard Bound | Reference | School of Business & General Section | VIT-AP | Reference | 2026-04-17 | Shah Book House Pvt. Ltd., Hyderabad | 699.00 | SBH/41139 | 635.9770954 NAG | 025779 | 2026-04-30 | 699.00 | 2026-04-29 | Reference Book | GEN | |||||
| Dewey Decimal Classification | Hard Bound | School of Business & General Section | VIT-AP | General Stacks | 2026-04-17 | Shah Book House Pvt. Ltd., Hyderabad | 699.00 | SBH/41139 | 635.9770954 NAG | 025780 | 2026-04-30 | 699.00 | 2026-04-29 | Text Book | GEN |